000 00611nam a2200229Ia 4500
003 OSt
005 20221006164601.0
006 a|||||r|||| 00| 0
007 ta
008 221006b |||||||| |||| 00| 0 eng d
024 _a636
037 _cTextual
040 _aFML
_cFML
_beng
041 _2eng
_aeng
082 _aY72wN02,1, K4
100 _aElwin Verrier Au.
_9677827
245 0 _aTribal World Of Verrier Elwin
260 _aLondon
_bOxford University Press
_c1964
300 _a356
_ccm.
942 _hY72wN02,1, K4
_cTEXL
_2CC
999 _c1117752
_d1117752